000 00510nam a22001817a 4500
003 OSt
005 20180116183006.0
008 150806b xxu||||| |||| 00| 0 eng d
020 _a9789339205256
040 _c0
082 _29th
_a658.1511 HIL 2014
100 _aRonald W. Hilton
245 _aManagerial Accounting
_bCreating Value in a Global Business Environment
_cRonald W. Hilton
260 _aIndia
_bMcGraw Hill
_c2014
300 _a833 p.
_bPB
440 _aManagerial Accounting
942 _2ddc
_cBK
999 _c350040
_d350040